000 00508nam a22001697a 4500
005 20231130140116.0
008 231130b |||||||| |||| 00| 0 eng d
020 _a0409004030
041 _aEnglish
082 _a349 JOU
100 _lEnglish
245 _aThe Law of South Africa /
_cedited by WJ Downer
260 _aDurban :
_bButterworth and Company (SA) Pty Ltd,
_c1980
300 _bx, 310 pages ;
_c26,5 cm.
650 _aLegal practice
_bLaw
942 _cBK
_6ALISON_BN_VRIES
999 _c1090
_d1090